| 000 | 01810cam a22003611i 4500 | ||
|---|---|---|---|
| 003 | SA-RiAUC | ||
| 005 | 20250521080753.0 | ||
| 008 | 250519s1986 le f b 000 0dara c | ||
| 040 |
_aKULIB _bara _cSA-RiAUC _erda |
||
| 082 | 0 | 4 |
_a212.2 _qSA-RiAUC |
| 090 |
_a212.2 _b ا ب ن ا |
||
| 100 | 1 |
_aابن أبي الدنيا، عبد الله بن محمد بن عبيد، _d208-281 هجري _eمؤلف. |
|
| 245 | 1 | 0 |
_aكتاب الصمت وآداب اللسان / _cأبو بكر عبد الله بن محمد بن عبيد بن أبي الدنيا البغدادي ؛ دراسة وتحقيق نجم عبد الرحمن خلف. |
| 246 | 3 | 0 | _aالصمت وآداب اللسان |
| 250 | _aالطبعة الأولى. | ||
| 264 | 1 |
_aبيروت : _bدار الغرب الإسلامي، _c1986 |
|
| 300 |
_a754 صفحة ؛ _c25 سم |
||
| 336 |
_aنص _btxt _2rdacontent _3كتاب |
||
| 337 |
_aبدون وسيط _bn _2rdamedia |
||
| 338 |
_aمجلد _bnc _2rdacarrier |
||
| 500 | _aيشتمل الكتاب على ترجمة لابن أبي الدنيا. | ||
| 500 | _aالأصل أطروحة دكتوراه-الجامعة التونسية، الكلية الزيتونية للشريعة وأصول الدين. | ||
| 504 | _aببليوجرافية : صفحة 725-749. | ||
| 590 | _aزكي. | ||
| 650 | 7 |
_aالأخلاق الإسلامية _2aucsh |
|
| 650 | 7 |
_aالآداب الإسلامية _2aucsh |
|
| 650 | 7 |
_aالتربية الإسلامية _2aucsh |
|
| 700 | 1 |
_aخلف، نجم عبد الرحمن _eمحقق. |
|
| 700 | 1 | 2 |
_iتحقيق لـ : _aابن أبي الدنيا، عبد الله بن محمد بن عبيد، _d208-281 هجري. _tالصمت وآداب اللسان |
| 942 |
_2ddc _cBOOK _n0 |
||
| 949 |
_aSA-JeALM _d250519 _uosman123 _n1 |
||
| 999 |
_c8193 _d8193 |
||